00596nam a2200169Ia 4500008004100000020001500041041001200056100001700068245005300085260003400138300000800172650001000180700001600190942000700206999001700213952019600230221030s9999 xx 000 0 und d a8121901324 aEnglish aR. S. Khurmi 0aTheory of Machinescby R. S. Khurmi, J. K. Gupta bEurasia Pub.aNew Delhic1995 a970 aCivil aJ. K. Gupta cBK c17932d17932 pBE 15729g250.00l0eDonated by Ms. Divya Jain ( ECE )r2024-06-13 00:00:00w2022-10-30yBK003Print4070aMIETLIBbMIETLIBcBL-Academic Block B, FL-2, CUP-112, SH-3, R-3d2018-11-0210HBE